000 00292nam a2200121 a 4500
005 20140414132118.0
008 110714s19uu xx 00 eng d
050 _aER
_bN95 1995
100 _aKidd, Ronald
245 _aThe Nutcracker.
260 _aU.S.A :
_bLandoll,
_c1994.
999 _c114970
_d114970